Top 15 popularité personnages Death Note - Statistiques

Statistiques générales
  • Ce quiz a été pris 737 fois
  • Le résultat moyen est 8 sur 15
Statistiques - réponses
Place Personnages % Correct
2 L Lawliet
100%
1 Light Yagami
98%
6 Misa Amane
84%
3 Ryuk
84%
11 Near
70%
12 Mello
66%
7 Rem
62%
8 Touta Matsuda
45%
9 Watari
38%
4 Soichiro Yagami
31%
10 Teru Mikami
27%
5 Shuichi Aizawa
23%
13 Naomi Misora
20%
14 Kiyomi Takada
19%
15 Hitoshi Demegawa
4%
Aucun quiz correspondant
Distribution des résultats
% des personnes avec chaque résultat
Percentile par nombre de réponses
Votre historique - résultats
Vous n’avez pas pris ce quiz